00744 2200217 4500001002100000005001700021020001800038035002400056040001200080082001100092084001900103245014300122250001100265260011600276300002200392504002500414650003400439700002000473850001200493990002100505YOGYA00000000009643420170426071356.0 a979-9160-29-4 0010-081400000096151 aYOPDYOG a307.72 aDEP 307.72 Uji aUjicoba Pola Pelakasanaan Gerakan Kesetiakawanan Sosial Nasional Dalam Program Rehabilitasi Sosial Daerah Kumuhc/ Gunanto Suryono [et.al] aCet. 1 aYogyakartabDepdikbud. Pusat Penelitian Sejarah dan Budaya Balai Penelitian Sejarah dan Budaya Yogyakartac1999 a68 hlm.c; 20 cm. aBibliografi: hlm. 49 aMasyarakat desa, Pengembangan aGunanto Suryono aYOPDYOG aCB-D.11/1999-024